000 00316nam a22001217a 4500
008 160520b xxu||||| |||| 00| 0 eng d
020 _a9780815152262
020 _a0815152264
041 _aeng
080 _a618.2
245 _aMosbys emergency nursing reference:
_cPamela Stinson Kidd; Patty Sturt;
942 _2udc
_cBK
999 _c2284
_d2284